000 01138nam0a2200301 4500
001 RU\NLR\ONL2\17361
005 20260406072800.0
010 _a978-5-295-04956-9
_97460
035 _a(NLR Aleph) 009664946
090 _a9632174
_c9632174
100 _a20071015d2009 |||y0rusy50 ca
101 0 _abak
102 _aRU
105 _ay |||||||||
200 1 _aКластан тыш уkыу китабы
_eурта мэкт. 8-се кл. уkыусылары өсөн
_f[авт.-төз. F. Б. Хөсэйенов, В. У. Сафина]
210 _aӨфө
_cКитап
_d2009
215 _a181,[2] б.
_d22
541 1 _aКнига для внеклассного чтения
_e8 кл.
_zrus
606 0 _aБашкирская литература
_91114058
_3RU\NLR\auth\66120783
686 1 _aШ5(2=Баш) я72
702 1 _4220
_8bak
_7ca
_aХөсэйенов
_bF.Б.
_f1928-
_gFайса Батыргэрэй улы
_3RU\NLR\auth-onl\77512
_9130568
801 0 _aRU
_bNLR
_c20100415
_gPSBO
852 _aNLR
_bОНЛ
_jБашк./3-5206
942 _cBOOK
980 _aNB
980 _aONL_RF